The establishment of catholic universities in developing countries: the viewpoint of the U.S.A

Saved in:
書目詳細資料
主要作者: Rooney, Edward B (Author)
格式: 圖書
語言:西班牙语
出版: Nueva York s.n 1963
主題:
標簽: 添加標簽
沒有標簽, 成為第一個標記此記錄!

MARC

LEADER 00000nam a2200000 a 4500
001 UCU1061
003 CL-VaPUC
005 20210303001421.0
008 960329e19630000us 1 spa d
082 0 4 |a 207.11  |b ROO  |2 21 
100 1 |a Rooney, Edward B  |e author  |9 617568 
245 1 4 |a The establishment of catholic universities in developing countries: the viewpoint of the U.S.A 
260 |a Nueva York  |b s.n  |c 1963 
300 |a 15 p 
583 |a last modification  |c 20190821 10:06:39  |k Rodrigo Vera 
650 0 7 |a IGLESIA Y EDUCACION  |2 CL-VaPUC  |9 307850 
650 0 7 |a ESCUELAS CATOLICAS  |2 CL-VaPUC  |9 308042 
650 0 0 |a Universidades  |9 256317 
650 0 0 |a Educación superior   |9 223851 
942 |c BK 
945 |a lriquelm  |d 19960329 00:00:00 
546 |a En Español 
536 |a Catholicarum Universitatum Foederatio 
518 |p Congressus Generalis Foederationis Universitatum Catholicarum, 1, Washington, 1 al 7 de Septiembre de 1963 
999 |c 382536  |d 382534